000 00951nam a2200289 i 4500
999 _c200429860
_d47786
001 200429860
003 TR-AnTOB
005 20190408222002.0
007 ta
008 120106s2011 000 0 eng
020 _a9788375432077 (hardcover)
040 _aTR-AnTOB
_beng
_erda
_cTR-AnTOB
041 0 _aeng
_aund
050 0 0 _aDK214
_b.C75 2011
090 _aDK214
_b.C75 2011
245 0 4 _aThe Crimean War 1853-1856 :
_bColonial Skirmish or Rehersal for World War? Empires, Nations and Individuals /
_cedited by Jerzy W. Borejsza.
246 3 4 _aCrimean War
264 1 _aWarsaw :
_bWydawnictwo Neriton, Instytut Historii PAN,
_c2011.
300 _a536 [16] pages ;
_c24 cm.
336 _atext
_2rdacontent.
337 _aunmediated
_2rdamedia.
338 _avolume
_2rdacarrier.
650 7 _aKırım Savaşı, 1853-1856
_2etuturkob
_911931
700 1 _aBorejsza, Jerzy W.
_9120332
942 _2lcc
_cBK